000 00825 a2200193 4500
003 Nust
005 20230208151027.0
010 _a34017336
040 _cNust
082 _a954.385,MIT
100 _aMitchell, John Walter.
_9108750
245 _aThe wheels of Ind /
_cJohn W. Mitchell,
260 _aLondon,
_bT. Butterworth, limited
_c1934
300 _a3 p. l., 9-319, [1] p
_bfront.,
_cplates,
_eports.,
_fmaps (1 fold.)
_g23 cm
505 _aEast to Calcutta (Page-15), Bilaspur and its District (Page-29), Life in the Bilaspur Settlement (Page-91), Jungle Jaunts in Tiger Haunts (Page-129), Camoes of the Wild (Page-166), Bhojudih-Black Diamonds and Rough diamonds (Page-211), Khurda Road-Gods on Wheels (Page-247).
600 _aMitchell, John Walter.
_9108750
650 _aRailway in India
_9108751
942 _2ddc
_cBK
999 _c187501
_d187501